000 00629nam a2200217Ia 4500
003 OSt
005 20221007083016.0
006 a|||||r|||| 00| 0
007 ta
008 221006b |||||||| |||| 00| 0 eng d
024 _a45,741
037 _cDissertations
040 _aFLL
_cFLL
_beng
041 _2eng
_aeng
100 _aPANDEY Sonia
_9700061
245 0 _aA critical study of criminal justice system of India with respect to global practices to strengthen witness protection regime in India
260 _c2018
300 _aix,130p.
_ccm.
942 _cDIS
_2CC
999 _c1168483
_d1168483